| 000 | 00605nam a2200193 u 4500 | ||
|---|---|---|---|
| 005 | 20240815063727.0 | ||
| 008 | 160629s2005 es r 000 0 spa d | ||
| 020 | _a1405449381 | ||
| 035 | _aUPN01000211762 | ||
| 049 | _aI | ||
| 050 | 4 |
_aSF442 _bP6.4 |
|
| 100 | 1 |
_aPollard, Michael _939956 |
|
| 245 | 1 | 0 |
_aGatos : _brazas, cuidados, historia / _cMichael Pollard ; tr. Nuria Caminero Arranz. |
| 260 |
_aBarcelona, Esp. : _bParragón, _c2005. |
||
| 300 |
_a384 p. : _bil. col. |
||
| 650 | 4 |
_aGATOS - _vLITERATURA INFANTIL _910191 |
|
| 650 | 4 |
_aAnimales _xHábitos y comportamiento _91059 |
|
| 905 | _aInfantil | ||
| 999 |
_c183863 _d183863 |
||